Biology : Concepts and applications
Gespeichert in:
| 1. Verfasser: | |
|---|---|
| Format: | Buch |
| Sprache: | Undetermined |
| Veröffentlicht: |
Belmont, CA
Thomson/Brooks/Cole
2006
|
| Schlagworte: | |
| Tags: |
Tag hinzufügen
Keine Tags, Fügen Sie den ersten Tag hinzu!
|
| Thư viện lưu trữ: | Trung tâm Học liệu Trường Đại học Cần Thơ |
|---|
| LEADER | 00615nam a2200229Ia 4500 | ||
|---|---|---|---|
| 001 | CTU_127873 | ||
| 008 | 210402s9999 xx 000 0 und d | ||
| 020 | |c 1288000 | ||
| 082 | |a 570 | ||
| 082 | |b S796 | ||
| 100 | |a Starr, Cecie | ||
| 245 | 0 | |a Biology : | |
| 245 | 0 | |b Concepts and applications | |
| 245 | 0 | |c Cecie Starr, Christine A. Evers, Lisa Starr. | |
| 260 | |a Belmont, CA | ||
| 260 | |b Thomson/Brooks/Cole | ||
| 260 | |c 2006 | ||
| 526 | |a Sinh học đại cương | ||
| 526 | |b TN042 | ||
| 650 | |a Biology,Sinh học | ||
| 904 | |i Minh | ||
| 980 | |a Trung tâm Học liệu Trường Đại học Cần Thơ | ||